000 01284cam a22003373a 4500
001 1189
005 20231123144518.0
020 _a078073003990
040 _aIMF
_cIMF
_dDLC
_dDLC
_beng
050 0 0 _aPZ7.P915
082 _a813
100 1 _aPreller, James
245 1 4 _aThe case of the race against time /
_cby James Preller ; illustrated by Jamie Smith ; cover illustration by R.W. Alley.
260 _aNew York :
_bScholastic Inc.,
_c2003
300 _a84 pages :
_bIllustrations
_c20 cm
490 1 _aA Jigsaw Jones mystery
_vBook 20
500 _a"A Little Apple paperback."
505 _aJ
520 _a"Jigsaw is in big-time trouble! For a dollar a day, Jigsaw and Mila make problems go away. But now Jigsaw has some trouble of his own. He lost grandfather's watch! Can Jigsaw and Mila find the watch before time runs out?"
521 _a460
_bLexile
521 _aJ
_bRaz-Plus
650 0 _aDetective and mystery stories.
650 0 _aBears
_vFiction.
650 0 _aGrandfathers
_vFiction.
655 7 _aChildren's stories.
_2lcsh
655 7 _aMystery fiction.
_2gsafd
700 1 _aSmith, Jamie
_d1971-
_eillustrator
700 1 _aAlley, R. W.
_d1955-
_eillustrator
906 _a7
_bcbc
_ccopycat
_d2
_encip
_f20
_gy-genrareb
942 _2ddc
_cBK
_n0
999 _c1189
_d1189